000 00680nam a2200205Ia 4500
003 IN-BaIIA
008 211028s9999 xx 000 0 eng d
020 _a0-7923-1128-0
040 _cIIA Library
080 _a082.2:52
_bIAU-S145
245 0 _aEvolutions of stars: the photospheric abundance connection
_cedited by J. Richer, G. Michaud, and S. Turcotte
260 _aDordrecht
_bKluwer Academic
_c1991
300 _a147p.
650 _aEvolution of stars-Congresses
_934001
650 _aPhotosheric abundance connection-Congresses
_934002
700 _aBergevin, M., ed.
_934003
700 _aMichaud, G., ed.
_917242
700 _aTutukov, A., ed.
_917243
942 _cBK
999 _c17883
_d17883